| 000 | 00508nam a22001577a 4500 | ||
|---|---|---|---|
| 082 | _aT-171, CEM | ||
| 100 |
_aAbu Bakar Muzamil _948579 |
||
| 245 |
_aAnalysis of labour productivity of road construction projects in Pakistan _cAbu Bakar Muzamil |
||
| 260 |
_aRisalpur _bMCE _c2014 |
||
| 300 | _ap 176.: | ||
| 526 |
_a0 _b0 _c0 _dT_171_CEM |
||
| 650 |
_aMSc in Construction Engineering and Management _948580 |
||
| 650 |
_aThesis _934811 |
||
| 700 |
_aDr Muhammad Bilal Khurshid. _916538 |
||
| 942 |
_2ddc _cBK |
||
| 999 |
_c551461 _d551461 |
||